| 000 | ncm a22 a 4500 | ||
|---|---|---|---|
| 999 |
_c350513 _d350513 |
||
| 003 | BLK | ||
| 005 | 20201007040700.0 | ||
| 008 | 200329b bu ||||| |||| 00| 0 bu d | ||
| 040 | _aBLK | ||
| 041 |
_aDEU _cDEU |
||
| 080 |
_aСаксофон, уч. литература, гами, етюди _b788.43.087.5 _z788.43.087.5 |
||
| 100 |
_aJettel, Rudolf _eпърви автор _91299 |
||
| 139 |
_aJettel, Rudolf _bД 50 |
||
| 245 |
_aNeue Saxophon-Studien _cRudolpf Jettel. _nHeft 1 _bHeft 1 - |
||
| 257 | _aDEU | ||
| 260 |
_9402638 _aLeipzig _bFriedrich Hofmeister _c1967 |
||
| 300 | _c30 см | ||
| 380 | _a7 | ||
| 490 |
_9403029 _aHofmeister Studienwerke |
||
| 650 | 0 |
_9403258 _aСаксофон - гами, етюди |
|
| 653 | 7 |
_9195989 _aсаксофон |
|
| 653 | 7 |
_9186510 _aетюди |
|
| 700 |
_aДжетел, Рудолф _eпърви автор _91299 |
||
| 760 |
_aJettel, Rudolf _h43 с. _oHeft 1 |
||
| 852 |
_aЦб М ІІ 9232 _bИП |
||
| 942 |
_cNOT _n0 _s1 |
||
| 944 |
_aCR _c2020-03-29 _kВалентина Караджова |
||
| 999 | _d350513 | ||
| 999 | _d350513 | ||
| 999 | _d350513 | ||
| 999 | _d350513 | ||
| 999 | _d350343 | ||
| 999 | _d350343 | ||
| 999 | _d350312 | ||
| 999 | _d350312 | ||
| 999 | _d350284 | ||
| 999 | _d350284 | ||
| 999 | _d350282 | ||
| 999 | _d350282 | ||
| 999 | _d350161 | ||
| 999 | _d350161 | ||
| 999 | _d350124 | ||
| 999 | _d350124 | ||
| 999 | _d350108 | ||
| 999 | _d350108 | ||
| 999 | _d350108 | ||
| 999 | _d349788 | ||